[Event "Tradewise Gibraltar Masters 16th"]
[Site "Gibraltar"]
[Date "2018.01.30"]
[Round "8.10"]
[White "Adams, Michael"]
[Black "Sandipan, Chanda"]
[Result "1/2-1/2"]
[WhiteElo "2709"]
[BlackElo "2579"]
[PlyCount "65"]
[EventDate "2018.01.23"]
[EventType "swiss"]
[EventRounds "10"]
[EventCountry "GGB"]
[SourceTitle "BritBase"]
[Source "www.saund.co.uk"]
[SourceDate "2018.02.10"]
[SourceVersion "1"]
[SourceVersionDate "2018.02.10"]
[SourceQuality "1"]

1. e4 e5 2. Nf3 Nf6 3. d4 Nxe4 4. Bd3 d5 5. Nxe5 Nd7 6. O-O Nxe5 7. dxe5 Nc5 8.
Be3 Be7 9. f4 Nxd3 10. Qxd3 g6 11. Nc3 c6 12. Ne2 O-O 13. Ng3 Bh4 14. Bc5 Re8
15. Rad1 b6 16. Bd6 f5 17. Ne2 a5 18. Rd2 Ba6 19. Qf3 Be7 20. Bxe7 Qxe7 21.
Rfd1 Bxe2 22. Qxe2 a4 23. c4 Qc5+ 24. Rd4 dxc4 25. Kf1 b5 26. a3 c3 27. Qc2
Rab8 28. Qxc3 Qxc3 29. bxc3 c5 30. Rd7 b4 31. cxb4 cxb4 32. Ra7 bxa3 33. Rdd7
1/2-1/2

[Event "Tradewise Gibraltar Masters 16th"]
[Site "Gibraltar"]
[Date "2018.01.30"]
[Round "8.12"]
[White "Sutovsky, Emil"]
[Black "Vocaturo, Daniele"]
[Result "1/2-1/2"]
[WhiteElo "2673"]
[BlackElo "2609"]
[PlyCount "96"]
[EventDate "2018.01.23"]
[EventType "swiss"]
[EventRounds "10"]
[EventCountry "GGB"]
[SourceTitle "BritBase"]
[Source "www.saund.co.uk"]
[SourceDate "2018.02.10"]
[SourceVersion "1"]
[SourceVersionDate "2018.02.10"]
[SourceQuality "1"]

1. e4 e5 2. Nf3 Nc6 3. Bb5 a6 4. Ba4 Nf6 5. O-O Nxe4 6. d4 b5 7. Bb3 d5 8. dxe5
Be6 9. c3 Be7 10. Bc2 Bg4 11. Qe1 Nc5 12. Nd4 Nxd4 13. cxd4 Ne6 14. Qd2 O-O 15.
Nc3 f5 16. f4 Kh8 17. h3 Bh5 18. Kh2 c6 19. Qf2 c5 20. Be3 Rc8 21. Bd1 Bxd1 22.
Rfxd1 b4 23. Na4 c4 24. a3 bxa3 25. bxa3 Qe8 26. Nb6 Rd8 27. Nxc4 dxc4 28. d5
Qf7 29. d6 Rd7 30. dxe7 Qxe7 31. Rxd7 Qxd7 32. Qc2 Qd3 33. Qxd3 cxd3 34. Rc1
Kg8 35. Rc6 Kf7 36. g4 g6 37. Rxa6 Rd8 38. gxf5 gxf5 39. Ra7+ Ke8 40. Bd2 Rb8
41. Kg3 Rb2 42. Ra8+ Kd7 43. Ra7+ Kc8 44. Ba5 d2 45. Bxd2 Rxd2 46. Rxh7 Rd3+
47. Kh4 Rxa3 48. Rh5 Ra4 1/2-1/2

[Event "Tradewise Gibraltar Masters 16th"]
[Site "Gibraltar"]
[Date "2018.01.30"]
[Round "8.13"]
[White "Saric, Ivan"]
[Black "Epishin, Vladimir"]
[Result "1/2-1/2"]
[WhiteElo "2664"]
[BlackElo "2536"]
[PlyCount "93"]
[EventDate "2018.01.23"]
[EventType "swiss"]
[EventRounds "10"]
[EventCountry "GGB"]
[SourceTitle "BritBase"]
[Source "www.saund.co.uk"]
[SourceDate "2018.02.10"]
[SourceVersion "1"]
[SourceVersionDate "2018.02.10"]
[SourceQuality "1"]

1. e4 c6 2. d4 d5 3. e5 c5 4. dxc5 e6 5. a3 Bxc5 6. Qg4 g6 7. Nf3 Nc6 8. Bd3 f6
9. b4 Bf8 10. Bb2 Bg7 11. h4 Nxe5 12. Nxe5 fxe5 13. h5 Nh6 14. Qg3 Qf6 15. hxg6
hxg6 16. Bxg6+ Ke7 17. O-O Rg8 18. Bh7 Nf5 19. Qc3 Rh8 20. Bxf5 Qxf5 21. f4 Bd7
22. Nd2 Rac8 23. Qg3 Rcg8 24. Qg5+ Qxg5 25. fxg5 e4 26. Bf6+ Bxf6 27. gxf6+ Kf7
28. c4 Rh6 29. cxd5 exd5 30. Rac1 Bc6 31. b5 Bxb5 32. Rc7+ Ke6 33. Re7+ Kd6 34.
Nxe4+ dxe4 35. Rd1+ Bd3 36. Rxe4 Rxf6 37. Rxd3+ Kc5 38. Re7 Rfg6 39. Rc7+ Kb6
40. Rc2 Rc6 41. Rb3+ Kc7 42. Rxc6+ Kxc6 43. Kf2 b5 44. Kf3 a5 45. g4 Kc5 46.
Kf4 Kc4 47. Rb1 1/2-1/2

[Event "Tradewise Gibraltar Masters 16th"]
[Site "Gibraltar"]
[Date "2018.01.30"]
[Round "8.14"]
[White "Esipenko, Andrey"]
[Black "Akobian, Varuzhan"]
[Result "1/2-1/2"]
[WhiteElo "2571"]
[BlackElo "2647"]
[PlyCount "60"]
[EventDate "2018.01.23"]
[EventType "swiss"]
[EventRounds "10"]
[EventCountry "GGB"]
[SourceTitle "BritBase"]
[Source "www.saund.co.uk"]
[SourceDate "2018.02.10"]
[SourceVersion "1"]
[SourceVersionDate "2018.02.10"]
[SourceQuality "1"]

1. d4 Nf6 2. Nf3 d5 3. Bf4 c5 4. e3 cxd4 5. exd4 Nc6 6. c3 Bf5 7. Nbd2 e6 8.
Qb3 Qc8 9. Nh4 Bg4 10. Bd3 Be7 11. Nhf3 Bh5 12. O-O O-O 13. Rfe1 Bg6 14. Bxg6
hxg6 15. h4 a6 16. g3 b5 17. a3 Qb7 18. Qc2 a5 19. b4 axb4 20. axb4 Rxa1 21.
Rxa1 Ra8 22. Ra2 Ra6 23. Ne5 Qa8 24. Rxa6 Qxa6 25. Nb3 Ne4 26. Nxc6 Qxc6 27.
Nc5 g5 28. hxg5 Bxg5 29. Nxe4 Bxf4 30. Nc5 Bd6 1/2-1/2

[Event "Tradewise Gibraltar Masters 16th"]
[Site "Gibraltar"]
[Date "2018.01.30"]
[Round "8.15"]
[White "Lagno, Kateryna"]
[Black "Grandelius, Nils"]
[Result "0-1"]
[WhiteElo "2556"]
[BlackElo "2647"]
[PlyCount "56"]
[EventDate "2018.01.23"]
[EventType "swiss"]
[EventRounds "10"]
[EventCountry "GGB"]
[SourceTitle "BritBase"]
[Source "www.saund.co.uk"]
[SourceDate "2018.02.10"]
[SourceVersion "1"]
[SourceVersionDate "2018.02.10"]
[SourceQuality "1"]

1. Nf3 c5 2. c4 Nc6 3. d4 cxd4 4. Nxd4 e5 5. Nb5 a6 6. Nd6+ Bxd6 7. Qxd6 Qf6 8.
Qd2 Nge7 9. Nc3 O-O 10. g3 b5 11. c5 Nd4 12. Bg2 Rb8 13. Ne4 Qg6 14. e3 Ne6 15.
h4 h5 16. O-O Bb7 17. Qd3 f5 18. Qxd7 Bxe4 19. Bxe4 fxe4 20. Qxe7 Rf3 21. Qd6
Rbf8 22. Qxe5 Nxc5 23. Qg5 Qf7 24. Qxc5 Rxg3+ 25. Kh2 Qf3 26. Qxf8+ Kxf8 27.
fxg3 Qxf1 28. b3 Kg8 0-1

[Event "Tradewise Gibraltar Masters 16th"]
[Site "Gibraltar"]
[Date "2018.01.30"]
[Round "8.16"]
[White "Sethuraman, SP."]
[Black "Praggnanandhaa, R."]
[Result "1-0"]
[WhiteElo "2646"]
[BlackElo "2515"]
[PlyCount "81"]
[EventDate "2018.01.23"]
[EventType "swiss"]
[EventRounds "10"]
[EventCountry "GGB"]
[SourceTitle "BritBase"]
[Source "www.saund.co.uk"]
[SourceDate "2018.02.10"]
[SourceVersion "1"]
[SourceVersionDate "2018.02.10"]
[SourceQuality "1"]

1. e4 e5 2. Nf3 Nc6 3. Bb5 a6 4. Ba4 d6 5. O-O Bd7 6. c3 g6 7. d4 Bg7 8. Re1 b5
9. Bb3 Nf6 10. Nbd2 O-O 11. h3 Re8 12. a3 a5 13. d5 Ne7 14. a4 bxa4 15. Bc2 Qc8
16. Bxa4 Bxa4 17. Rxa4 Nd7 18. Nb3 Nb6 19. Rxa5 f5 20. Nfd2 fxe4 21. c4 Qf5 22.
Qe2 Rab8 23. Na1 e3 24. Qxe3 Qd7 25. Nc2 Rf8 26. Qd3 Bh6 27. Ne4 Bxc1 28. Rxc1
Rf4 29. Ne3 c5 30. Rb5 Nec8 31. b4 Na7 32. Rxb6 Rxb6 33. bxc5 dxc5 34. Nxc5 Qf7
35. Ne4 Rb2 36. Ng4 Qf8 37. d6 Kh8 38. d7 Nc6 39. Qd5 Rb6 40. c5 Ra6 41. Nxe5
1-0

[Event "Tradewise Gibraltar Masters 16th"]
[Site "Gibraltar"]
[Date "2018.01.30"]
[Round "8.17"]
[White "Deac, Bogdan-Daniel"]
[Black "Motylev, Alexander"]
[Result "1/2-1/2"]
[WhiteElo "2549"]
[BlackElo "2673"]
[PlyCount "154"]
[EventDate "2018.01.23"]
[EventType "swiss"]
[EventRounds "10"]
[EventCountry "GGB"]
[SourceTitle "BritBase"]
[Source "www.saund.co.uk"]
[SourceDate "2018.02.10"]
[SourceVersion "1"]
[SourceVersionDate "2018.02.10"]
[SourceQuality "1"]

1. e4 e5 2. Nf3 Nc6 3. Bb5 a6 4. Ba4 Nge7 5. Nc3 g6 6. d4 exd4 7. Nd5 Bg7 8.
Bg5 h6 9. Bf6 Bxf6 10. Nxf6+ Kf8 11. Bxc6 dxc6 12. Qxd4 Qxd4 13. Nxd4 Kg7 14.
e5 c5 15. Ne2 Nc6 16. Nd5 Nxe5 17. Nxc7 Ra7 18. Nd5 b5 19. b3 Re8 20. Rd1 Nc6
21. Ne3 Rae7 22. Rd6 Re6 23. Rxe6 Bxe6 24. Kd2 f5 25. h4 Bc8 26. Rd1 g5 27.
hxg5 hxg5 28. f4 Nd4 29. Rf1 Kg6 30. fxg5 Nxe2 31. Kxe2 Kxg5 32. g3 Rh8 33. Rf4
Rh2+ 34. Ke1 Be6 35. Rf2 Rh3 36. Rf3 b4 37. Ke2 Bd7 38. Ke1 Rh1+ 39. Rf1 Rh8
40. Rf4 Be6 41. Ke2 Rh3 42. Rf3 a5 43. Ke1 Bd7 44. Kd2 Rh1 45. Rf4 Be6 46. Rf1
Rh3 47. Rf3 Rh8 48. Rf4 Rh3 49. Rf3 Bc8 50. Ke1 Bd7 51. Kd2 Rh1 52. Rf4 Be6 53.
Rf1 Rh2+ 54. Ke1 Rh7 55. Rf4 a4 56. bxa4 Ra7 57. c3 bxc3 58. Kd1 c4 59. Rf2
Rd7+ 60. Kc2 Rd3 61. Re2 Bd7 62. a5 Ba4+ 63. Kc1 Rd6 64. Rf2 Re6 65. Re2 Rh6
66. Rf2 Re6 67. Re2 Ra6 68. Nd5 c2 69. Ne3 Re6 70. Re1 c3 71. Nxc2 Rh6 72. Nd4
Kg4 73. a6 Rxa6 74. Re3 Rd6 75. Nb3 Rc6 76. Kc2 Rc4 77. Rxc3 Rxc3+ 1/2-1/2

[Event "Tradewise Gibraltar Masters 16th"]
[Site "Gibraltar"]
[Date "2018.01.30"]
[Round "8.18"]
[White "Mikhalevski, Victor"]
[Black "Harikrishna, Pentala"]
[Result "1-0"]
[WhiteElo "2538"]
[BlackElo "2745"]
[PlyCount "67"]
[EventDate "2018.01.23"]
[EventType "swiss"]
[EventRounds "10"]
[EventCountry "GGB"]
[SourceTitle "BritBase"]
[Source "www.saund.co.uk"]
[SourceDate "2018.02.10"]
[SourceVersion "1"]
[SourceVersionDate "2018.02.10"]
[SourceQuality "1"]

1. d4 Nf6 2. c4 g6 3. g3 Bg7 4. Bg2 O-O 5. Nf3 d6 6. O-O Nbd7 7. Nc3 e5 8. e4
exd4 9. Nxd4 Re8 10. Re1 Nc5 11. h3 a5 12. Ndb5 Bd7 13. Bf4 Qc8 14. Nxc7 Qxc7
15. Bxd6 Qc8 16. e5 Nh5 17. Bxc5 Nxg3 18. Bd6 Nh5 19. Nd5 Bxh3 20. Nb6 Qf5 21.
Bxh3 Qxh3 22. Re3 Qh4 23. Nxa8 Rxa8 24. Qd5 Re8 25. Rae1 Qg4+ 26. Kf1 Re6 27.
b3 Bh6 28. Qxb7 Re8 29. e6 fxe6 30. Rxe6 Qh3+ 31. Kg1 Rxe6 32. Qc8+ Kf7 33.
Qd7+ Kf6 34. Be7+ 1-0

[Event "Tradewise Gibraltar Masters 16th"]
[Site "Gibraltar"]
[Date "2018.01.30"]
[Round "8.19"]
[White "Dvirnyy, Danyyil"]
[Black "Le, Quang Liem"]
[Result "0-1"]
[WhiteElo "2534"]
[BlackElo "2737"]
[PlyCount "54"]
[EventDate "2018.01.23"]
[EventType "swiss"]
[EventRounds "10"]
[EventCountry "GGB"]
[SourceTitle "BritBase"]
[Source "www.saund.co.uk"]
[SourceDate "2018.02.10"]
[SourceVersion "1"]
[SourceVersionDate "2018.02.10"]
[SourceQuality "1"]

1. d4 Nf6 2. c4 g6 3. g3 Bg7 4. Bg2 d5 5. cxd5 Nxd5 6. e4 Nb6 7. Ne2 c5 8. d5
e6 9. O-O O-O 10. Nec3 exd5 11. exd5 Na6 12. h4 Nc4 13. Qb3 Na5 14. Qd1 Bf5 15.
Bg5 Qb6 16. Na4 Qd6 17. Nbc3 Qd7 18. Re1 Rfe8 19. Bf1 c4 20. Qd2 b5 21. Ne4
Bxe4 22. Qxa5 bxa4 23. Qxa6 Bxb2 24. Bf6 a3 25. Re3 Bxd5 26. Rae1 Rxe3 27. Rxe3
Bb7 0-1

[Event "Tradewise Gibraltar Masters 16th"]
[Site "Gibraltar"]
[Date "2018.01.30"]
[Round "8.20"]
[White "Cheparinov, Ivan"]
[Black "Lalith, Babu M R"]
[Result "1-0"]
[WhiteElo "2699"]
[BlackElo "2542"]
[PlyCount "53"]
[EventDate "2018.01.23"]
[EventType "swiss"]
[EventRounds "10"]
[EventCountry "GGB"]
[SourceTitle "BritBase"]
[Source "www.saund.co.uk"]
[SourceDate "2018.02.10"]
[SourceVersion "1"]
[SourceVersionDate "2018.02.10"]
[SourceQuality "1"]

1. e4 e5 2. Nf3 Nc6 3. d4 exd4 4. Nxd4 Nf6 5. Nxc6 bxc6 6. e5 Qe7 7. Qe2 Nd5 8.
c4 Nb6 9. Nc3 Bb7 10. Bd2 O-O-O 11. O-O-O Kb8 12. f4 Re8 13. Qf2 f6 14. exf6
Qxf6 15. c5 Nd5 16. Bc4 Nxc3 17. Bxc3 Qf5 18. g4 Qxg4 19. Rhg1 Qh3 20. Rg3 Qh4
21. Rxd7 Rd8 22. Rgd3 Be7 23. Qxh4 Bxh4 24. Rxd8+ Rxd8 25. Rxd8+ Bxd8 26. Bxg7
Bc8 27. Bd3 1-0

[Event "Tradewise Gibraltar Masters 16th"]
[Site "Gibraltar"]
[Date "2018.01.30"]
[Round "8.21"]
[White "Short, Nigel D"]
[Black "Swapnil, S. Dhopade"]
[Result "1/2-1/2"]
[WhiteElo "2681"]
[BlackElo "2533"]
[PlyCount "61"]
[EventDate "2018.01.23"]
[EventType "swiss"]
[EventRounds "10"]
[EventCountry "GGB"]
[SourceTitle "BritBase"]
[Source "www.saund.co.uk"]
[SourceDate "2018.02.10"]
[SourceVersion "1"]
[SourceVersionDate "2018.02.10"]
[SourceQuality "1"]

1. Nf3 Nf6 2. d4 d5 3. c4 e6 4. Nc3 c5 5. cxd5 cxd4 6. Qxd4 exd5 7. e4 Nc6 8.
Bb5 dxe4 9. Qxd8+ Kxd8 10. Ng5 Be6 11. O-O Bb4 12. Ncxe4 Nxe4 13. Nxe4 Ke7 14.
Be3 Rhd8 15. a3 Nd4 16. Ba4 Ba5 17. Nc5 Bb6 18. Nxb7 Rdb8 19. Bxd4 Bxd4 20. Na5
Bxb2 21. Nc6+ Kf6 22. Nxb8 Bxa1 23. Rb1 Be5 24. Nd7+ Bxd7 25. Bxd7 Rd8 26. Rb7
Rb8 27. Rxb8 Bxb8 28. a4 a5 29. g3 Ke7 30. Bb5 g6 31. Kg2 1/2-1/2

[Event "Tradewise Gibraltar Masters 16th"]
[Site "Gibraltar"]
[Date "2018.01.30"]
[Round "8.22"]
[White "Lei, Tingjie"]
[Black "Iturrizaga Bonelli, Eduardo"]
[Result "1/2-1/2"]
[WhiteElo "2531"]
[BlackElo "2650"]
[PlyCount "130"]
[EventDate "2018.01.23"]
[EventType "swiss"]
[EventRounds "10"]
[EventCountry "GGB"]
[SourceTitle "BritBase"]
[Source "www.saund.co.uk"]
[SourceDate "2018.02.10"]
[SourceVersion "1"]
[SourceVersionDate "2018.02.10"]
[SourceQuality "1"]

1. d4 Nf6 2. c4 e6 3. Nf3 b6 4. g3 Bb7 5. Bg2 g6 6. Nc3 Bg7 7. d5 O-O 8. O-O d6
9. e4 Nbd7 10. Rb1 a5 11. Nd4 Nc5 12. b3 Re8 13. Bb2 Qd7 14. a3 e5 15. Ndb5 c6
16. dxc6 Bxc6 17. Qc2 Red8 18. Rfd1 Bf8 19. Bc1 h6 20. b4 axb4 21. axb4 Na6 22.
Be3 Rdb8 23. h3 Ne8 24. Qd2 Kh7 25. Nd5 Bxd5 26. Qxd5 Nac7 27. Qxe5 Bg7 28. Qf4
Nxb5 29. cxb5 Qe6 30. h4 h5 31. Qf3 Ra3 32. Qe2 Nf6 33. Bf4 Rd8 34. Rbc1 Ng4
35. Qc4 Qf6 36. Rc2 Bh6 37. Bxh6 Kxh6 38. Qd4 Qxd4 39. Rxd4 Rb3 40. Bf1 Ra8 41.
Be2 Ra1+ 42. Kg2 Rbb1 43. Rxd6 Rh1 44. Kf3 Rh2 45. Bd3 Rb1 46. e5 Nxe5+ 47. Ke4
Ng4 48. Kd5 Rd1 49. Rc3 Rxf2 50. Kc6 Ne5+ 51. Kxb6 Rfd2 52. Kc7 Nxd3 53. b6
Nxb4 54. Rxd2 Rxd2 55. b7 Na6+ 56. Kb6 Nb8 57. Kc7 Na6+ 58. Kb6 Nb8 59. Kc7 Nd7
60. Rc6 Kg7 61. Rd6 Rxd6 62. Kxd6 Nb8 63. Kc7 Na6+ 64. Kb6 Nb8 65. Kc7 Na6+
1/2-1/2

[Event "Tradewise Gibraltar Masters 16th"]
[Site "Gibraltar"]
[Date "2018.01.30"]
[Round "8.23"]
[White "Bosiocic, Marin"]
[Black "Antal, Gergely"]
[Result "1/2-1/2"]
[WhiteElo "2628"]
[BlackElo "2522"]
[PlyCount "90"]
[EventDate "2018.01.23"]
[EventType "swiss"]
[EventRounds "10"]
[EventCountry "GGB"]
[SourceTitle "BritBase"]
[Source "www.saund.co.uk"]
[SourceDate "2018.02.10"]
[SourceVersion "1"]
[SourceVersionDate "2018.02.10"]
[SourceQuality "1"]

1. d4 f5 2. g3 Nf6 3. Bg2 e6 4. c4 d5 5. Nh3 Bd6 6. O-O c6 7. Bf4 Be7 8. e3 O-O
9. Nc3 h6 10. cxd5 exd5 11. Be5 g5 12. f4 g4 13. Nf2 Be6 14. a4 a5 15. Qb3 Qd7
16. Bxb8 Rfxb8 17. Nd3 h5 18. Ne5 Qd6 19. h4 Ne4 20. Bxe4 dxe4 21. Qc2 Bd5 22.
Ra3 Qe6 23. Nxd5 cxd5 24. Raa1 Rc8 25. Qd1 Rc7 26. Rc1 Rac8 27. Rxc7 Rxc7 28.
Qb1 Bd6 29. Rc1 Qc8 30. Rxc7 Qxc7 31. Qd1 Kg7 32. Kf2 Kf6 33. Qb3 Bb4 34. Qxd5
Qc2+ 35. Kg1 Qc1+ 36. Kg2 Qxb2+ 37. Kg1 Qc1+ 38. Kg2 Qd2+ 39. Kg1 Qe1+ 40. Kg2
Qe2+ 41. Kg1 Qxe3+ 42. Kg2 Qd2+ 43. Kg1 Qc1+ 44. Kg2 Qc2+ 45. Kg1 Qc1+ 1/2-1/2

[Event "Tradewise Gibraltar Masters 16th"]
[Site "Gibraltar"]
[Date "2018.01.30"]
[Round "8.24"]
[White "Nihal, Sarin"]
[Black "Georgiev, Kiril"]
[Result "1-0"]
[WhiteElo "2524"]
[BlackElo "2623"]
[PlyCount "99"]
[EventDate "2018.01.23"]
[EventType "swiss"]
[EventRounds "10"]
[EventCountry "GGB"]
[SourceTitle "BritBase"]
[Source "www.saund.co.uk"]
[SourceDate "2018.02.10"]
[SourceVersion "1"]
[SourceVersionDate "2018.02.10"]
[SourceQuality "1"]

1. d4 Nf6 2. c4 e6 3. Nc3 Bb4 4. Qc2 d5 5. cxd5 Qxd5 6. e3 c5 7. Bd2 Bxc3 8.
Bxc3 cxd4 9. Bxd4 Nc6 10. Bc3 O-O 11. Nf3 Qc5 12. a3 Qe7 13. Bb5 Nd5 14. Bxc6
bxc6 15. Bd4 Rd8 16. O-O Bb7 17. Rfd1 f6 18. Bc5 Qc7 19. Rd2 e5 20. Rad1 Ba6
21. h3 Kh8 22. Qf5 Bc8 23. Qd3 Re8 24. e4 Nb6 25. Qd8 Qxd8 26. Rxd8 Be6 27.
Rxa8 Rxa8 28. Bxb6 axb6 29. Rd6 Bc4 30. Rxc6 Bd3 31. Nd2 b5 32. f3 h5 33. Kf2
b4 34. axb4 Ra2 35. Ke3 Bb5 36. Rb6 Bd7 37. Rd6 Bb5 38. Rb6 Bd7 39. b3 Rc2 40.
b5 Rc3+ 41. Ke2 Kh7 42. Rb8 Kg6 43. b6 Bb5+ 44. Kd1 Rc6 45. b7 Rc7 46. Nc4 Ba6
47. Na5 Kg5 48. b4 Kf4 49. b5 Bxb5 50. Rc8 1-0

[Event "Tradewise Gibraltar Masters 16th"]
[Site "Gibraltar"]
[Date "2018.01.30"]
[Round "8.25"]
[White "Papp, Gabor"]
[Black "Batsiashvili, Nino"]
[Result "0-1"]
[WhiteElo "2607"]
[BlackElo "2504"]
[PlyCount "74"]
[EventDate "2018.01.23"]
[EventType "swiss"]
[EventRounds "10"]
[EventCountry "GGB"]
[SourceTitle "BritBase"]
[Source "www.saund.co.uk"]
[SourceDate "2018.02.10"]
[SourceVersion "1"]
[SourceVersionDate "2018.02.10"]
[SourceQuality "1"]

1. e4 e5 2. Nf3 Nc6 3. d4 exd4 4. Nxd4 Nf6 5. Nxc6 bxc6 6. e5 Qe7 7. Qe2 Nd5 8.
c4 Nb6 9. Nc3 Ba6 10. b3 Qe6 11. Bd2 Ba3 12. Qe4 O-O 13. Bd3 f5 14. exf6 Qxe4+
15. Bxe4 d5 16. cxd5 Bb2 17. Rd1 Bxc3 18. Bxc3 Rfe8 19. dxc6 Rxe4+ 20. Kd2 Nd5
21. Ba5 Nxf6 22. Rhe1 Rd8+ 23. Kc2 Rxd1 24. Rxd1 Re6 25. Rd8+ Kf7 26. Ra8 Rxc6+
27. Kb2 Bd3 28. Rxa7 Rc2+ 29. Ka3 Nd5 30. g3 Ke6 31. h4 Kd7 32. Ra8 Rxf2 33.
Rg8 Rf7 34. Bd2 h5 35. Kb2 g6 36. a4 Rf2 37. Kc1 Rg2 0-1

[Event "Tradewise Gibraltar Masters 16th"]
[Site "Gibraltar"]
[Date "2018.01.30"]
[Round "8.26"]
[White "Bindrich, Falko"]
[Black "Goryachkina, Aleksandra"]
[Result "1-0"]
[WhiteElo "2605"]
[BlackElo "2493"]
[PlyCount "89"]
[EventDate "2018.01.23"]
[EventType "swiss"]
[EventRounds "10"]
[EventCountry "GGB"]
[SourceTitle "BritBase"]
[Source "www.saund.co.uk"]
[SourceDate "2018.02.10"]
[SourceVersion "1"]
[SourceVersionDate "2018.02.10"]
[SourceQuality "1"]

1. e4 e6 2. d4 d5 3. Nc3 Nf6 4. e5 Nfd7 5. f4 c5 6. Nf3 Nc6 7. Be3 a6 8. Qd2 b5
9. Nd1 b4 10. c3 a5 11. c4 cxd4 12. Nxd4 Nxd4 13. Bxd4 dxc4 14. Bxc4 Be7 15.
Ne3 O-O 16. O-O Bb7 17. Rad1 Nb6 18. Bb3 Nd5 19. f5 Bg5 20. Qf2 Rc8 21. f6 gxf6
22. exf6 Kh8 23. Bxd5 Bxd5 24. Ng4 b3 25. Bc3 bxa2 26. Ne5 Qe8 27. h4 Bh6 28.
Ng4 Rg8 29. Nxh6 Rxg2+ 30. Qxg2 Bxg2 31. Kxg2 a4 32. Rd4 a3 33. Rfd1 axb2 34.
Bxb2 Qc6+ 35. Kh2 Qc7+ 36. Kh3 Rg8 37. Nxg8 Qb7 38. R4d3 h5 39. Be5 a1=Q 40.
Bxa1 Kxg8 41. Rg3+ Kh7 42. Bc3 Qa8 43. Bb2 Qa5 44. Rg7+ Kh8 45. Rg5 1-0

[Event "Tradewise Gibraltar Masters 16th"]
[Site "Gibraltar"]
[Date "2018.01.30"]
[Round "8.27"]
[White "Steinberg, Nitzan"]
[Black "Svane, Rasmus"]
[Result "1/2-1/2"]
[WhiteElo "2512"]
[BlackElo "2595"]
[PlyCount "65"]
[EventDate "2018.01.23"]
[EventType "swiss"]
[EventRounds "10"]
[EventCountry "GGB"]
[SourceTitle "BritBase"]
[Source "www.saund.co.uk"]
[SourceDate "2018.02.10"]
[SourceVersion "1"]
[SourceVersionDate "2018.02.10"]
[SourceQuality "1"]

1. e4 c6 2. Nf3 d5 3. exd5 cxd5 4. Ne5 Nf6 5. Bb5+ Nbd7 6. d4 g6 7. O-O Bg7 8.
Re1 O-O 9. Nc3 e6 10. Bg5 Qb6 11. a4 Nxe5 12. dxe5 Nd7 13. a5 Qc7 14. Bxd7 Bxd7
15. Qd4 Rfc8 16. Re3 Qc4 17. Qd1 Qb4 18. Bf6 Be8 19. Bxg7 Kxg7 20. Qc1 Rc4 21.
Ne2 Rac8 22. c3 Qe7 23. Qd2 Re4 24. f3 Ra4 25. Rxa4 Bxa4 26. Nd4 b6 27. axb6
axb6 28. f4 Bd7 29. Qf2 Ra8 30. g4 Bc8 31. Kg2 Ra1 32. h4 Kf8 33. Kh2 1/2-1/2

[Event "Tradewise Gibraltar Masters 16th"]
[Site "Gibraltar"]
[Date "2018.01.30"]
[Round "8.28"]
[White "Debashis, Das"]
[Black "Buhmann, Rainer"]
[Result "1/2-1/2"]
[WhiteElo "2501"]
[BlackElo "2587"]
[PlyCount "170"]
[EventDate "2018.01.23"]
[EventType "swiss"]
[EventRounds "10"]
[EventCountry "GGB"]
[SourceTitle "BritBase"]
[Source "www.saund.co.uk"]
[SourceDate "2018.02.10"]
[SourceVersion "1"]
[SourceVersionDate "2018.02.10"]
[SourceQuality "1"]

1. d4 d5 2. c4 e6 3. Nc3 Bb4 4. e3 Nf6 5. Nf3 O-O 6. Bd3 b6 7. O-O c5 8. cxd5
exd5 9. Bd2 c4 10. Be2 Re8 11. b3 Bxc3 12. Bxc3 Ne4 13. Be1 cxb3 14. axb3 Bg4
15. h3 Bxf3 16. Bxf3 Nc6 17. b4 b5 18. Qb3 Qd7 19. Ra2 Ne7 20. Bd1 Nd6 21. Qd3
Nec8 22. Bc2 g6 23. Bb1 Nc4 24. Bc3 N8d6 25. Rd1 Rac8 26. Be1 Rc6 27. Bc2 Rec8
28. Rda1 R8c7 29. Bd1 Nb6 30. Bd2 Qe7 31. Bf3 Rc4 32. Be1 Rc1 33. Qd2 R1c6 34.
Qd3 Qd7 35. Bg4 f5 36. Bf3 Rc1 37. Qd2 Rxa1 38. Rxa1 Ne4 39. Qa2 Kg7 40. Qa6
Nc4 41. Be2 Ned6 42. Bf3 Qf7 43. Be2 Qe8 44. Qa2 Re7 45. Bf3 Ne4 46. Qc2 Qd7
47. Bd1 Ned6 48. Bf3 Ne4 49. Bd1 Qd6 50. Qd3 h5 51. Rb1 h4 52. Bc2 Rc7 53. Ra1
a6 54. Qe2 Qf6 55. Bd3 Rc6 56. Qf3 g5 57. Qh5 Qe7 58. Qe2 Qf7 59. Rd1 Qe6 60.
f3 Nf6 61. Bf2 Nh5 62. Re1 Ng3 63. Qa2 Qf6 64. Bb1 Qe7 65. Qb3 Re6 66. Qc3 Kg8
67. Kh2 Qd6 68. Kg1 Qe7 69. Bc2 Qd6 70. Bxg3 hxg3 71. Bxf5 Re7 72. Bb1 g4 73.
fxg4 Qf6 74. Rf1 Qg5 75. e4 Rf7 76. Rxf7 Kxf7 77. e5 Ke7 78. Qxg3 Qc1+ 79. Kh2
Qxb1 80. Qh4+ Kd7 81. Qf6 Qe4 82. Qf7+ Kc6 83. Qe6+ Kc7 84. Qe7+ Kc6 85. Qe6+
Kc7 1/2-1/2

[Event "Tradewise Gibraltar Masters 16th"]
[Site "Gibraltar"]
[Date "2018.01.30"]
[Round "8.29"]
[White "Donchenko, Alexander"]
[Black "Kobo, Ori"]
[Result "0-1"]
[WhiteElo "2580"]
[BlackElo "2477"]
[PlyCount "82"]
[EventDate "2018.01.23"]
[EventType "swiss"]
[EventRounds "10"]
[EventCountry "GGB"]
[SourceTitle "BritBase"]
[Source "www.saund.co.uk"]
[SourceDate "2018.02.10"]
[SourceVersion "1"]
[SourceVersionDate "2018.02.10"]
[SourceQuality "1"]

1. Nf3 d5 2. d4 Bf5 3. c4 e6 4. Nc3 Nf6 5. Bg5 c6 6. Qb3 Qb6 7. c5 Qc7 8. Nh4
Nbd7 9. Nxf5 exf5 10. e3 Be7 11. Bd3 g6 12. h3 Nf8 13. Bf4 Qc8 14. Qd1 Bd8 15.
Qf3 h5 16. Qg3 h4 17. Qh2 Ne6 18. Bd6 a6 19. Bc2 Rh5 20. Bd1 Rh7 21. f3 Bc7 22.
e4 fxe4 23. fxe4 Bxd6 24. cxd6 Nxe4 25. Nxe4 dxe4 26. Bb3 Qd7 27. d5 cxd5 28.
Bxd5 Rd8 29. O-O-O Qxd6 30. Qxd6 Rxd6 31. Bxb7 Rxd1+ 32. Rxd1 Nc5 33. Bc6+ Ke7
34. Kc2 Rh8 35. b4 Rc8 36. Bd5 Nd3+ 37. Kb3 f5 38. Rd2 Nc1+ 39. Ka4 Rd8 40. Rc2
Rxd5 41. Rxc1 Rd2 0-1

[Event "Tradewise Gibraltar Masters 16th"]
[Site "Gibraltar"]
[Date "2018.01.30"]
[Round "8.30"]
[White "Muzychuk, Anna"]
[Black "Venkatesh, Marani Rajendran"]
[Result "1/2-1/2"]
[WhiteElo "2571"]
[BlackElo "2445"]
[PlyCount "79"]
[EventDate "2018.01.23"]
[EventType "swiss"]
[EventRounds "10"]
[EventCountry "GGB"]
[SourceTitle "BritBase"]
[Source "www.saund.co.uk"]
[SourceDate "2018.02.10"]
[SourceVersion "1"]
[SourceVersionDate "2018.02.10"]
[SourceQuality "1"]

1. e4 e5 2. Nf3 Nc6 3. Bb5 a6 4. Ba4 Nf6 5. O-O Bc5 6. c3 b5 7. Bc2 d5 8. d4
dxe4 9. Nxe5 Nxe5 10. dxc5 Nd3 11. Nd2 Nxc5 12. b4 e3 13. bxc5 exd2 14. Bxd2
O-O 15. Bf4 Qe7 16. Qf3 Bg4 17. Qc6 Nd7 18. Be3 Qe6 19. Qxc7 Rac8 20. Qf4 Nxc5
21. Rfe1 Qc4 22. Bd4 Ne6 23. Qe4 Bf5 24. Qxf5 g6 25. Qf6 Nxd4 26. cxd4 Qxc2 27.
Qxa6 Qc4 28. Rad1 Rfe8 29. h3 Rxe1+ 30. Rxe1 Rc6 31. Qb7 Kg7 32. Rb1 Qd3 33.
Re1 Qc3 34. Re3 Qa1+ 35. Kh2 Rf6 36. Qd5 Rxf2 37. Qe5+ Kg8 38. Qb8+ Kg7 39.
Qe5+ Kg8 40. Qb8+ 1/2-1/2